00522 2200193 4500001002100000005001500021035002000036007000300056008003900059082001000098084001600108100001100124245006100135260005300196300004100249650001100290650001400301022001300315INLIS00000000000099420240919104650 a0010-0924000072ta240919 | | |  a633.1 a633.1 SAI d0 aSaidah1 aDiversity of Local Upland Rice in Sigi Regency /cSaidah aUnited Kingdom, Bristol :bIOP Publishing,c2022 a1-8 hlm, :bilus, ;c21 cm X 29,5 cm 4aJurnal 4aPadi Gogo a17551315